00690cam a2200217 a 450000100100000000500170001000800410002702000150006804000250008308200230010810000310013124500650016226000480022730000270027549000370030265000270033965000230036665000230038970000230041283000370043500002521520200930023633.0700702s2006 dr a 000 f spa d a994540640X aDO-SdBNPbspadBNPHU a823.5bD314r, 20061 aDefoe, Daniel,d1661?-173113aRobinson Crusoe /cDaniel Defoe ; ilustración Diana Roche. aSanto Domingo :bTobogán,bPanapo,c2006. a84 p. :bil. ;c23 cm.1 aClásicos universales Tobogán 4aNovela juvenil inglesa 4aNaufragiosxNovela 4aLiteratura inglesa1 aRoche, Diana,eil. 0aClásicos universales Tobogán